01188cam a22002891 4500952013200000999001700132001000800149003000400157005001700161008004100178020001800219040000900237042001200246050001500258082001700273100006600290245005700356260003800413300001900451490003500470500018600505504005300691651002000744810004900764906004500813942004000858 00102ddc40708HISTORYaMESbMEScISLd2019-02-20g495.00l0o958.6 GIB/Ap38148r2019-02-20 00:00:00w2019-02-20yBKzGL44R4 c23205d232055920140OSt20200520101015.0771216s1923 enk b 000 0 eng  a9788130712529 coclc apremarc00aDK878b.G5 a958.6bGIB/A aGibb, H A Rq(Hamilton Alexander Rosskeen),d1895-1971.9221314aThe Arab conquests in Central Asia /c H. A. R. Gibb aIndia:bCosmo Publication,c2012. a102 p.c25 cm.1 aJames G. Forlong fund, vol. II a"The first draft of this work was presented to the University of London ... 1921, under the title of The Arab conquest of Transoxania, as a thesis for the degree of master of arts." a"Bibliography of chief works cited": p. 100-102. 0aIslamic Empire.2 aJames G. Forlong Fund.tPublications ;vv.2. a7bcbccoclcrplduencipf19gy-gencatlg 2ddccBKh958.6iGIB/Ak958.6mGIB/A